Jednotné letecké predpisy JAR-26 : dodatočné požiadavky na letovú spôsobilosť lietadiel v prevádzke

Bibliographic Details
Corporate Author: Slovensko. Ministerstvo dopravy, pôšt a telekomunikácií (Author)
Format: Book
Language:Slovak
English
PhysicalDescription:ii, [114] s. s rozličným stránkovaním schémy, nákresy 32 cm
Published: [Bratislava] Letové prevádzkové služby Slovenskej republiky [2003]
ISBN:8096874780
Edition:[1.vyd.]
Subjects:

MARC

LEADER 00000nam a2200000 a 4500
001 vtls001518587
003 SK-MaSNL
005 20260301015526.0
008 171201s2003 xo l f l 000 0 slo
015 |a SNBI2005/04-00884 
020 |a 8096874780  |q (brož.) 
035 |a 86677238-D656-4B79-99E2-11F7A4DF8852 
035 |a urn:nbn:sk:snk-amk6om 
035 |a urn:nbn:sk:snk-am003c0b 
040 |a SNK  |b slo  |c SNK  |e AACR2 
041 0 |a slo  |a eng 
044 |a xo  |c SK 
072 7 |a 629  |x Dopravné prostriedky  |2 konspekt 
110 2 |a Slovensko.  |b Ministerstvo dopravy, pôšt a telekomunikácií  |4 aut  |9 236279 
245 1 0 |a Jednotné letecké predpisy  |b JAR-26 : dodatočné požiadavky na letovú spôsobilosť lietadiel v prevádzke  |c [autor: Ministerstvo dopravy, pôšt a telekomunikácií Slovenskej republiky] 
246 3 1 |a Joint aviation reguirements JAR-26 
246 3 0 |a Dodatočné požiadavky na letovú spôsobilosť lietadiel v prevádzke 
246 3 0 |a JAR-26 
250 |a [1.vyd.] 
260 |a [Bratislava]  |b Letové prevádzkové služby Slovenskej republiky  |c [2003] 
300 |a ii, [114] s. s rozličným stránkovaním  |b schémy, nákresy  |c 32 cm 
500 |a Voľné listy zopnuté v karisbloku 
500 |a Zmena textu 1: 1. máj 2003 
521 |a Publikácia Leteckej informačnej služby Slovenskej republiky 
546 |a Súbežný názov a text angl. 
650 0 7 |a letectvo  |2 SNKPH  |9 23632 
650 0 7 |a lietadlá  |2 SNKPH  |9 4248 
655 7 |a predpisy  |2 SNKPH  |9 70649 
655 7 |a nariadenia  |2 SNKPH  |9 70672 
919 |a 80-968747-8-0 
958 |a OND 
999 |c 560913  |d 562843 
952 |a SNK  |b SNK  |y PREZ  |7 0  |p 17A0460777  |o snkSB 70129  |i snk2005/3614  |8 0  |0 0  |1 0  |4 0  |d 2005-03-09  |f 1  |l 0  |r 2025-04-25 00:00:00  |w 2026-02-23 
952 |a SNK  |b SNK  |y VYP  |7 0  |p 17A0460776  |o snkSB 70129 D1  |i snk2005/3615  |8 0  |0 0  |1 0  |4 0  |d 2005-03-09  |l 0  |r 2016-06-30 00:00:00  |w 2026-02-23